[Event "FRA-chT4 1011"]
[Site "Champagne Ardennes"]
[Date "2011.02.06"]
[Round "5"]
[White "Noizet, Donatien"]
[Black "Donrault, Patrick"]
[Result "0-1"]
[WhiteElo "2199"]
[BlackElo "1962"]
[PlyCount "72"]
[EventDate "2010.10.10"]
[EventType "team-tourn"]
[EventRounds "7"]
[EventCountry "FRA"]
[SourceTitle "EXT 2024"]
[Source "ChessBase"]
[SourceDate "2023.10.10"]
[SourceVersion "1"]
[SourceVersionDate "2023.10.10"]
[SourceQuality "1"]

1. e4 e6 2. d4 d5 3. exd5 exd5 4. Nf3 Bd6 5. Nc3 c6 6. h3 Ne7 7. Bd3 Bf5 8. Ne2 Qc7 9. c3 h6 10. Nh4 Bxd3 11. Qxd3 Nd7 12. Nf5 Nxf5 13. Qxf5 Nf6 14. Bf4 Qd7 15. Qxd7+ Kxd7 16. Bxd6 Kxd6 17. 0-0 Rae8 18. Rfe1 g6 19. Nf4 b6 20. Nd3 Nd7 21. b4 Rxe1+ 22. Rxe1 Ra8 23. Rb1 a5 24. b5 c5 25. a4 cxd4 26. cxd4 Rc8 27. Rc1 Rc4 28. f4 f6 29. Kf2 Rxd4 30. Rc6+ Ke7 31. Ke3 Rxa4 32. g4 Ra3 33. Kd4 Rb3 34. g5 hxg5 35. fxg5 fxg5 36. Rxg6 Rxd3+ 0-1

[Event "FRA-chT4 0506"]
[Site "France"]
[Date "2005.10.16"]
[Round "1"]
[White "Noizet, Donatien"]
[Black "Veillerette, Patrick"]
[Result "0-1"]
[WhiteElo "1790"]
[BlackElo "1870"]
[PlyCount "58"]
[EventDate "2005.10.02"]
[EventType "team"]
[EventRounds "9"]
[EventCountry "FRA"]
[SourceTitle "EXT 2007"]
[Source "ChessBase"]
[SourceDate "2006.11.23"]
[SourceVersion "1"]
[SourceVersionDate "2006.11.23"]
[SourceQuality "1"]

1. d4 d5 2. c4 e6 3. Nc3 Be7 4. Nf3 Nf6 5. Bf4 0-0 6. a3 dxc4 7. e4 a6 8. Bxc4 b5 9. Bd3 Bb7 10. Qc2 h6 11. h3 c5 12. dxc5 Bxc5 13. 0-0 Nbd7 14. Rfd1 Qb6 15. b4 Be7 16. Qe2 Rac8 17. Rac1 Rfe8 18. Rc2 Qa7 19. Kh1 Qa8 20. Rdc1 Nf8 21. Ne5 Red8 22. Qe3 Bd6 23. f3 Qb8 24. Bxh6 gxh6 25. Qxh6 Bxe5 26. Rd1 Ng6 27. Qc1 Nf4 28. Bxb5 axb5 29. Rxd8+ Rxd8 0-1

[Event "FRA-chT4 0304"]
[Site "Champagne Ardenne"]
[Date "2004.03.14"]
[Round "6"]
[White "Schelfhout Melin, Marie"]
[Black "Noizet, Donatien"]
[Result "1/2-1/2"]
[WhiteElo "1620"]
[BlackElo "1700"]
[PlyCount "122"]
[EventDate "2003.10.??"]
[EventRounds "6"]
[EventCountry "FRA"]
[SourceTitle "EXT 2005"]
[Source "ChessBase"]
[SourceDate "2004.11.15"]
[SourceVersion "1"]
[SourceVersionDate "2004.11.15"]
[SourceQuality "1"]

1. e4 d5 2. exd5 Qxd5 3. Nc3 Qd8 4. d4 Nf6 5. Nf3 e6 6. Bc4 a6 7. a3 b5 8. Ba2 Bb7 9. 0-0 Nbd7 10. Re1 Nb6 11. Ne5 Be7 12. Ng4 h5 13. Ne3 c6 14. Nf1 Qc7 15. Ne2 Bd6 16. g3 h4 17. Bf4 hxg3 18. fxg3 0-0-0 19. c3 c5 20. Bxd6 Rxd6 21. Nf4 Qc6 22. d5 Nbxd5 23. Nxd5 exd5 24. Qf3 Qd7 25. Bb1 g6 26. Qe3 Re8 27. Qxc5+ Rc6 28. Rxe8+ Qxe8 29. Qe3 Re6 30. Qc5+ Rc6 31. Qe3 Qd8 32. Bd3 Re6 33. Qc5+ Rc6 34. Qf2 Ng4 35. Qd4 Nf6 36. Re1 Qb6 37. Qxb6 Rxb6 38. Re7 Kd8 39. Rxf7 Ne4 40. Rf3 Nc5 41. Re3 Rf6 42. Be2 Ne4 43. Rf3 Rd6 44. Rd3 Kc7 45. Ne3 Ng5 46. h4 Ne4 47. Bf3 Nxg3 48. Nxd5+ Bxd5 49. Rxd5 Rxd5 50. Bxd5 Nf5 51. h5 gxh5 52. Bf3 h4 53. Kg2 Ne3+ 54. Kh3 Nc4 55. b3 Nd2 56. Bd5 Nb1 57. a4 bxa4 58. bxa4 Nxc3 59. Bb3 Kb6 60. Kxh4 Ka5 61. Bc4 Nxa4 1/2-1/2

[Event "FRA-chT4 0001"]
[Site "Champagne Ardenne"]
[Date "2000.11.19"]
[Round "2"]
[White "Noizet, Donatien"]
[Black "Bultel, Bruno"]
[Result "1/2-1/2"]
[WhiteElo "1750"]
[BlackElo "1900"]
[PlyCount "124"]
[EventDate "2001.10.??"]
[EventType "team"]
[EventRounds "7"]
[EventCountry "FRA"]
[SourceTitle "EXT 2005"]
[Source "ChessBase"]
[SourceDate "2004.11.15"]
[SourceVersion "1"]
[SourceVersionDate "2004.11.15"]
[SourceQuality "1"]

1. e4 e5 2. Nf3 Nc6 3. Bc4 Nf6 4. Ng5 d5 5. exd5 Na5 6. d3 Be7 7. d6 Qxd6 8. Nxf7 Qc6 9. Nxh8 Nxc4 10. dxc4 Qxg2 11. Rf1 Bh3 12. Qe2 Qxh2 13. f3 Qxe2+ 14. Kxe2 Bxf1+ 15. Kxf1 Kf8 16. Nc3 Kg8 17. Ng6 hxg6 18. b3 c6 19. Bb2 Re8 20. Kf2 Bc5+ 21. Ke2 Bd4 22. Kd3 Kf7 23. Re1 Ke6 24. Bc1 Kf5 25. f4 Bxc3 26. Rf1 Ba5 27. fxe5+ Kxe5 28. Rg1 Rd8+ 29. Ke2 Kf5 30. Rg5+ Ke6 31. Rxa5 a6 32. Bb2 Nd7 33. Bxg7 Rg8 34. Bh6 Nf6 35. Bf4 Nd7 36. Rg5 Kf6 37. Kf3 Re8 38. Rg1 Ne5+ 39. Kf2 Kf5 40. Bc1 Nf7 41. Rd1 Rd8 42. Rf1 g5 43. Kg3+ Kg6 44. Bb2 Rd7 45. Bc3 Nd6 46. Kg4 Rf7 47. Re1 Rf4+ 48. Kh3 Rf3+ 49. Kg4 Rf4+ 50. Kh3 Ne4 51. Be5 Rh4+ 52. Kg2 Kf5 53. Bc7 g4 54. Rf1+ Ke6 55. Re1 g3 56. Bxg3 Rg4 57. Kh2 Rxg3 58. Rxe4+ Kf5 59. Re7 Rc3 60. Rxb7 Rxc2+ 61. Kg3 Rxa2 62. Kf3 a5 1/2-1/2